Твердая изоляция высоковольтных конструкций внутренних установок

Podrobná bibliografie
Hlavní autor: Гинзбург Л. Д. Лев Давыдович
Jazyk:ruština
Vydáno: СПб., Энергоатомиздат, 1992
Témata:
Médium: Kniha
KOHA link:https://koha.lib.tpu.ru/cgi-bin/koha/opac-detail.pl?biblionumber=28981

MARC

LEADER 00000nam0a2200000 4500
001 28981
005 20231030203049.0
010 |a 5283045048 
035 |a (RuTPU)RU\TPU\book\29239 
035 |a BOOK00000098 
090 |a 28981 
100 |a 20011209d1992 k y0rusy50 ca 
101 0 |a rus 
102 |a RU 
105 |a a z 000zy 
200 1 |a Твердая изоляция высоковольтных конструкций внутренних установок  |f Л. Д. Гинзбург 
210 |a СПб.  |c Энергоатомиздат  |d 1992 
215 |a 273 с.  |c ил. 
320 |a Библиогр.: с. 270-272. 
610 1 |a электротехника 
610 1 |a изоляция твердая 
610 1 |a электроизоляция высоковольтная 
610 1 |a диэлектрики 
610 1 |a дросселя 
675 |a 621.31.027.3  |v 3 
700 1 |a Гинзбург  |b Л. Д.  |g Лев Давыдович 
801 0 |a RU  |b 63413507  |c 20011209  |g PSBO 
801 2 |a RU  |b 63413507  |c 20080408  |g PSBO 
942 |c BK